<?xml version="1.0" encoding="UTF-8"?>
<record
    xmlns:xsi="http://www.w3.org/2001/XMLSchema-instance"
    xsi:schemaLocation="http://www.loc.gov/MARC21/slim http://www.loc.gov/standards/marcxml/schema/MARC21slim.xsd"
    xmlns="http://www.loc.gov/MARC21/slim">

  <leader>03242nam a2200421 i 4500</leader>
  <controlfield tag="001">193181</controlfield>
  <controlfield tag="003">SpMaBN</controlfield>
  <controlfield tag="005">20240827063034.0</controlfield>
  <controlfield tag="007">ta</controlfield>
  <controlfield tag="008">230930s2018    sp a   | |||| 000 0 spa  </controlfield>
  <datafield tag="017" ind1=" " ind2=" ">
    <subfield code="a">B 3143-2018</subfield>
    <subfield code="b">Oficina Dep&#xF3;sito Legal Barcelona</subfield>
  </datafield>
  <datafield tag="020" ind1=" " ind2=" ">
    <subfield code="a">9788420433349</subfield>
  </datafield>
  <datafield tag="035" ind1=" " ind2=" ">
    <subfield code="a">(OCoLC)1035620905</subfield>
  </datafield>
  <datafield tag="035" ind1=" " ind2=" ">
    <subfield code="a">a6433163</subfield>
  </datafield>
  <datafield tag="040" ind1=" " ind2=" ">
    <subfield code="a">SpMaBN</subfield>
    <subfield code="b">spa</subfield>
    <subfield code="c">SpMaBN</subfield>
    <subfield code="e">rda</subfield>
    <subfield code="d">Es-MaACL</subfield>
  </datafield>
  <datafield tag="080" ind1=" " ind2=" ">
    <subfield code="a">929-055.2</subfield>
  </datafield>
  <datafield tag="100" ind1="1" ind2=" ">
    <subfield code="a">Montero, Rosa,</subfield>
    <subfield code="d">1951-</subfield>
    <subfield code="0">XX968899</subfield>
    <subfield code="e">aut</subfield>
    <subfield code="9">82503</subfield>
  </datafield>
  <datafield tag="245" ind1="1" ind2="0">
    <subfield code="a">Nosotras :</subfield>
    <subfield code="b">historias de mujeres y algo m&#xE1;s /</subfield>
    <subfield code="c">Rosa Montero ; ilustraciones de Mar&#xED;a Herreros.</subfield>
  </datafield>
  <datafield tag="250" ind1=" " ind2=" ">
    <subfield code="a">Primera edici&#xF3;n, Primera reimpresi&#xF3;n: junio de 2018</subfield>
  </datafield>
  <datafield tag="264" ind1=" " ind2="1">
    <subfield code="a">Barcelona :</subfield>
    <subfield code="b">Alfaguara,</subfield>
    <subfield code="c">2018</subfield>
  </datafield>
  <datafield tag="300" ind1=" " ind2=" ">
    <subfield code="a">298 p&#xE1;ginas :</subfield>
    <subfield code="b">ilustraciones (color) ;</subfield>
    <subfield code="c">24 cm</subfield>
  </datafield>
  <datafield tag="336" ind1=" " ind2=" ">
    <subfield code="a">Texto</subfield>
    <subfield code="2">rdacontent</subfield>
  </datafield>
  <datafield tag="337" ind1=" " ind2=" ">
    <subfield code="a">sin mediaci&#xF3;n</subfield>
    <subfield code="2">rdamedia</subfield>
  </datafield>
  <datafield tag="338" ind1=" " ind2=" ">
    <subfield code="a">volumen</subfield>
    <subfield code="2">rdacarrier</subfield>
  </datafield>
  <datafield tag="500" ind1=" " ind2=" ">
    <subfield code="a">&#xCD;ndice</subfield>
  </datafield>
  <datafield tag="504" ind1=" " ind2=" ">
    <subfield code="a">Bibliograf&#xED;a: p&#xE1;gina 298</subfield>
  </datafield>
  <datafield tag="505" ind1="0" ind2=" ">
    <subfield code="a">Escupiendo fuego ; Historias de mujeres ; Un hervor de mujeres</subfield>
  </datafield>
  <datafield tag="520" ind1=" " ind2=" ">
    <subfield code="a">&#xAB;Este libro no es un libro solo para mujeres, de la misma manera que el feminismo no es solo cosa de chicas. Estamos cambiando el mundo, estamos destruyendo estereotipos milenarios, y es evidente que si se altera el papel social femenino, es porque tambi&#xE9;n muda el papel de los hombres.

&#xBB;Incluye el texto original de Historias de mujeres, publicado hace veinticuatro a&#xF1;os, y a&#xF1;ade noventa nuevos peque&#xF1;os retratos, una ojeada r&#xE1;pida desde la antig&#xFC;edad hasta nuestros d&#xED;as que nos permite atisbar la compleja riqueza de la aportaci&#xF3;n femenina a la vida com&#xFA;n. Porque hay una historia que no est&#xE1; en la historia y que solo se puede rescatar aguzando el o&#xED;do y escuchando el susurro de las mujeres. La porci&#xF3;n invisible del iceberg de protagonistas silenciadas empieza a emerger ahora, y tiene unas dimensiones colosales. Ha habido mujeres en todas las &#xE9;pocas haciendo cosas memorables. No hay un solo campo social, art&#xED;stico o del conocimiento en el que no hayamos destacado. Y se trata de un pasado que nos han robado a todos.

&#xBB;Pero tenemos que hacer algo m&#xE1;s que cambiar la visi&#xF3;n del pasado: es esencial que tambi&#xE9;n cambiemos la visi&#xF3;n del presente. La manera en que nos miramos a nosotras mismas. El mundo, nos dec&#xED;an y nos dec&#xED;amos, es as&#xED;. Pero no. Resulta que el mundo no es as&#xED;. El futuro est&#xE1; aqu&#xED;, el futuro es hoy y lo estamos construyendo hombres y mujeres. Por primera vez estamos todos. Aunque, para ello, tambi&#xE9;n debamos abandonar nosotras muchos prejuicios sexistas. As&#xED; es que, hermanas, abramos nuestras fauces de dragonas y escupamos fuego.&#xBB;
Rosa Montero</subfield>
  </datafield>
  <datafield tag="650" ind1=" " ind2="4">
    <subfield code="a">Mujeres-</subfield>
    <subfield code="x">Biograf&#xED;as</subfield>
    <subfield code="2">embne</subfield>
    <subfield code="9">15255</subfield>
  </datafield>
  <datafield tag="700" ind1=" " ind2=" ">
    <subfield code="a">Herreros, Mar&#xED;a,</subfield>
    <subfield code="d">1983-</subfield>
    <subfield code="9">234275</subfield>
    <subfield code="e">ill</subfield>
  </datafield>
  <datafield tag="852" ind1=" " ind2=" ">
    <subfield code="a">ES-MaACL</subfield>
    <subfield code="b">R.154586</subfield>
    <subfield code="9">200557</subfield>
    <subfield code="j">N-9345</subfield>
    <subfield code="c">DEPOJ</subfield>
    <subfield code="x">Encuadernaci&#xF3;n carton&#xE9; con sobrecubiertas (incluye faja)</subfield>
    <subfield code="g">Dedicatoria aut&#xF3;grafa de la autora</subfield>
    <subfield code="h">Donaci&#xF3;n: Rosa Montero</subfield>
  </datafield>
  <datafield tag="903" ind1=" " ind2=" ">
    <subfield code="a">Montero, Rosa,</subfield>
    <subfield code="d">1951-</subfield>
    <subfield code="e">dnr</subfield>
    <subfield code="9">82503</subfield>
  </datafield>
  <datafield tag="942" ind1=" " ind2=" ">
    <subfield code="n">0</subfield>
    <subfield code="c">MONOGRAFIA</subfield>
  </datafield>
  <datafield tag="999" ind1=" " ind2=" ">
    <subfield code="c">193181</subfield>
    <subfield code="d">193181</subfield>
  </datafield>
  <datafield tag="952" ind1=" " ind2=" ">
    <subfield code="0">0</subfield>
    <subfield code="1">0</subfield>
    <subfield code="2">udc</subfield>
    <subfield code="3">Enc. carton&#xE9;</subfield>
    <subfield code="4">0</subfield>
    <subfield code="7">0</subfield>
    <subfield code="8">Librosdedicados</subfield>
    <subfield code="a">ATENEOM</subfield>
    <subfield code="b">ATENEOM</subfield>
    <subfield code="c">DEPOJ</subfield>
    <subfield code="d">2023-09-30</subfield>
    <subfield code="e">DONACION</subfield>
    <subfield code="j">1</subfield>
    <subfield code="l">1</subfield>
    <subfield code="o">N-9345</subfield>
    <subfield code="p">101205852</subfield>
    <subfield code="r">2025-10-16 00:00:00</subfield>
    <subfield code="s">2025-10-14</subfield>
    <subfield code="y">MONOGRAFIA</subfield>
    <subfield code="z">Dedicatoria aut&#xF3;grafa de la autora</subfield>
  </datafield>
</record>
